000 00413nam a22001457a 4500
999 _c117277
_d117277
005 20200613163557.0
008 200613b2008 ||||| |||| 00| 0 eng
020 _aDeshiyateya Neralally
082 _a320.8 PUJ
100 _dPujary M Chandra
245 _aDeshiyateya Neralally Vikendrikarana
260 _aHampi
_bKannada University Prasaranaga
_c2008
650 _vDecentralisation- India
942 _2ddc
_cBK